00470 2200205 4500001002100000005001500021008004100036020002200077035001900099041000700118082000800125090001400133100002000147245001800167250000600185260003400191300002300225500000600248650001000254INLIS00000000000004020241224112115241224||||||||| | ||| |||| || |  a978-979-007-365-4 0010-1224000040 aid0 a340 a340 ABD p0 aAbdul Latif dkk00aPolitik Hukum a1 aJakartabSinar Grafika.c2014 axii,202 hlm,:23 cm a3 0aHukum